| 000 | 01097nam a2200325 i 4500 | ||
|---|---|---|---|
| 003 | EG-GICUC | ||
| 005 | 20260221091934.0 | ||
| 008 | 260221s1979 -us fr|||| 001 0 eng d | ||
| 040 |
_aEG-GiCUC _beng _cEG-GiCUC _dEG-GiCUC _erda |
||
| 041 | 0 | _aeng | |
| 082 | 0 | 4 |
_221 _a341.65 _bDO |
| 092 | 0 | 4 | _221 |
| 099 | _aLaw1 11 341.65 DO 1979 | ||
| 245 | 0 | 0 |
_aDocuments On Prisoners Of War / _cEdited With Annotations By Howard S. Levie. |
| 264 | 1 |
_aRhode Island : _bNaval War College Newport, _c1979. |
|
| 300 |
_a853 pages, _c24 cm |
||
| 336 |
_2rda content _atext |
||
| 337 |
_2rda media _aComputer |
||
| 338 |
_2rda carrier _aOnline Resource |
||
| 490 |
_aInternational Law Studies _vVolume 60 |
||
| 504 | _aIncludes bibliographical references and index. | ||
| 546 | _aText in English | ||
| 590 | _aإهداء مكتبة الأستاذ الدكتور صلاح عامر | ||
| 650 | 1 | 4 |
_aPublic international law _2 |
| 651 | 1 | _2 | |
| 700 | 1 |
_aLevie, Howard S _eeditor. |
|
| 856 | 4 | 0 | _uhttps://fll.law.cu.edu.eg/fulltext/bks/B11-08055.pdf |
| 905 | _a48 | ||
| 942 |
_2ddc _cBK _e21 _n0 |
||
| 999 |
_c63937 _d63937 |
||